[Event "Challenge"]
[Site "http://www.queenalice.com/game.php?id=1155039"]
[Date "2013.2.24"]
[Round "-"]
[White "danoche"]
[Black "Lezistoir"]
[Result "0-1"]
[WhiteElo "1523"]
[BlackElo "1311"]

1. e4 e5 2. Nf3 Nc6 3. Nc3 Nf6 4. Bb5 Rb8 5. Bxc6 bxc6 6. Nxe5 Qe7 7. Nf3 Rb4 8.
d3 Qc5 9. O-O Be7 10. a3 Rb6 11. Na4 Qb5 12. Nxb6 Qxb6 13. h3 Nh5 14. Be3 Bc5
15. Qd2 Ng3 16. Rfe1 Bxe3 17. Rxe3 Qxb2 18. Qc1 Qxc1+ 19. Rxc1 Nh5 20. Rb1 O-O
21. Ree1 h6 22. Rb4 Re8 23. Reb1 Nf4 24. Kf1 d5 25. Ng1 Ba6 26. R1b3 dxe4 27.
Ra4 Bb5 28. Rxa7 exd3 29. cxd3 Nxd3 30. Rxb5 Re1# 0-1

[Event "Challenge"]
[Site "http://www.queenalice.com/game.php?id=1155040"]
[Date "2013.2.24"]
[Round "-"]
[White "Lezistoir"]
[Black "danoche"]
[Result "0-1"]
[WhiteElo "1331"]
[BlackElo "1543"]

1. c3 e5 2. e3 d5 3. Nf3 e4 4. Nd4 c5 5. Bb5+ Bd7 6. Qg4 cxd4 7. Bxd7+ Nxd7 8.
cxd4 Ngf6 9. Qf4 Nb6 10. O-O Bd6 11. Qf5 O-O 12. h3 a5 13. Nc3 Qd7 14. Qxd7
Nfxd7 15. Nb5 Bb8 16. a4 Nc4 17. b3 Nd6 18. Ba3 Ra6 19. Nc3 Nf6 20. Rfb1 Rd8 21.
b4 Nc4 22. bxa5 Nxa5 23. Rb5 Rd7 24. Ne2 Bd6 25. Bxd6 Rdxd6 26. Nf4 b6 27. Rc1
Nc4 28. Nxd5 Nxd5 29. Rxc4 Ne7 30. Re5 Re6 31. Rd5 Ra8 32. Rd7 g6 33. f4 Nf5 0-1

[Event "LAZY VS TIKAR"]
[Site "http://www.queenalice.com/game.php?id=1155052"]
[Date "2013.2.24"]
[Round "-"]
[White "TIKAR"]
[Black "Lezistoir"]
[Result "1-0"]
[WhiteElo "1715"]
[BlackElo "1333"]

1. e4 e5 2. Nf3 Nc6 3. Bc4 Qf6 4. Nc3 Bc5 5. O-O Nge7 6. Nb5 Bb6 7. a3 a6 8. Nc3
d6 9. d3 Ng6 10. Bg5 Qxg5 11. Nxg5 O-O 12. Qh5 h6 13. Nxf7 Nf4 14. Nxh6+ Kh7 15.
Qf3 Kxh6 16. Nd5 Bxf2+ 17. Rxf2 Ng6 18. Qe3+ Kh5 19. Rxf8 Nd4 20. Qf2 Bg4 21.
Rxa8 Ne2+ 22. Kh1 1-0

[Event "LAZY VS TIKAR"]
[Site "http://www.queenalice.com/game.php?id=1155053"]
[Date "2013.2.24"]
[Round "-"]
[White "Lezistoir"]
[Black "TIKAR"]
[Result "0-1"]
[WhiteElo "1335"]
[BlackElo "1713"]

1. d4 d5 2. e3 Nc6 3. Nc3 Nf6 4. Bd3 e5 5. Nge2 Bg4 6. h3 Bxe2 7. Qxe2 Be7 8. e4
Nxd4 9. Qd2 Bb4 10. a3 Bxc3 11. Qxc3 dxe4 12. Bc4 O-O 13. O-O e3 14. Bxe3 Ne4
15. Qd3 Qh4 16. Bxd4 exd4 17. Qxd4 Rad8 18. Qxa7 Nd2 19. Rfd1 Qxc4 20. Re1 Qxc2
21. Rac1 Qxb2 22. Rxc7 Ra8 23. Qe3 h6 0-1

[Event "lazystoire vs tikar"]
[Site "http://www.queenalice.com/game.php?id=1222231"]
[Date "2013.10.5"]
[Round "-"]
[White "TIKAR"]
[Black "Lezistoir"]
[Result "1-0"]
[WhiteElo "1823"]
[BlackElo "1323"]

1. e4 c5 2. b3 Nc6 3. Nf3 e5 4. c3 d5 5. Bb5 Ne7 6. exd5 Qxd5 7. O-O Nf5 8. Re1
Bd7 9. d3 Be7 10. Ng5 Nh4 11. f3 O-O 12. Ne4 Be6 13. Nbd2 Qd7 14. Nc4 Qc8 15.
Ned6 Qc7 16. Bxc6 Bxd6 17. Be4 f5 18. Nxd6 fxe4 19. Nxe4 h6 20. Ba3 b6 21. d4
exd4 22. cxd4 Rad8 23. Nxc5 Bd5 24. Ne6 Bxe6 25. Bxf8 Rxf8 26. Rxe6 Qd7 27. Re4
Qd5 28. Rxh4 g5 29. Rxh6 g4 30. Rg6+ Kh8 31. Qd2 Rf7 32. Qh6+ Rh7 33. Qf8+ 1-0

[Event "Challenge"]
[Site "http://www.queenalice.com/game.php?id=1222233"]
[Date "2013.10.5"]
[Round "-"]
[White "Lezistoir"]
[Black "TIKAR"]
[Result "1-0"]
[WhiteElo "1321"]
[BlackElo "1825"]

1. e4 e5 2. Nf3 d6 3. b3 Nf6 4. Bb2 Nxe4 5. d3 Nf6 6. Nbd2 Nc6 7. g3 Be7 8. Bg2
Bg4 9. O-O O-O 10. h3 Be6 11. d4 e4 12. Nh4 d5 13. Qe2 a6 14. f3 Nh5 15. Kh2
Bxh4 16. gxh4 Nf4 17. Qf2 Nxg2 18. Qxg2 Qxh4 19. fxe4 dxe4 20. Nxe4 Kh8 21. d5
f6 22. dxe6 Rae8 23. Nc5 Nb4 24. Nd7 Rg8 25. Nxf6 gxf6 26. Bxf6+ Qxf6 27. Qxg8+
Rxg8 28. Rxf6 Nd5 29. Rf7 Re8 30. Rg1 Ne7 31. Rgg7 Nf5 32. Rxh7+ Kg8 33. Rh5 Nd6
34. Rf6 Kg7 35. Rhh6 Nf5 36. Rhg6+ Kh7 37. Rg1 Nd4 38. Rf7+ Kh6 39. Rf4 Nxe6 40.
Rh4# 1-0

[Event "Challenge"]
[Site "http://www.queenalice.com/game.php?id=1226954"]
[Date "2013.10.24"]
[Round "-"]
[White "Lezistoir"]
[Black "TIKAR"]
[Result "0-1"]
[WhiteElo "1351"]
[BlackElo "1552"]

1. e4 e5 2. Nf3 d6 3. d4 exd4 4. Qxd4 a6 5. Bc4 h6 6. O-O Nc6 7. Qd3 Nf6 8. Nc3
Be7 9. Bf4 Nh5 10. Bxf7+ Kxf7 11. Qd5+ Be6 12. Qd2 Rf8 13. h3 Nxf4 14. Qxf4+ Kg8
15. Qg3 Bf6 16. e5 dxe5 17. Rad1 Nd4 0-1